02429nam a2200325 i 4500001001000000003000900010005001700019007000300036008004100039020001500080040003000095041000700125082001900132100004300151111011700194245005700311250002200368264003700390300006200427336002700489337003300516338002800549505124100577590002601818650009501844910000701939942001401946952012601960999001702086000022406DO-SdBNP20250605095032.0ta250605s1993 dr ac 001 0 spa d a9993490903 aDO-SdBNPbspacBNPHUerda hsp 4axxxbS714v221 aSoriano Guzmán, Genaroeautor9879872 aSeminario sobre la Revolución de 1965.d(22-24 de mayo de 2002 :cSanto Domingo, República Dominicana)9698610avivencias de un Presidente /cGenao Soriano Guzmán aPrimera edición 2aSanto Domingo :bCENAPEC ,c1993 a123, 27 páginas sin numerar : bilustraciones ;c22 cm. atextobtxt2rdacontent asin mediaciónbn2rdamedia avolumenbnc2rdacarrier2 tHoja de vida 21 -- Dedicatoria 23 -- Agradecimientos 25 -- Menciones especiales a los medios de comunicación: TV, Radio y Prensa 27 -- Reconocimientos 29 -- In memoriam 31 -- Pensamientos penetrantes 33 -- Prolegómeno 35 -- Mi llegada a este planeta 37 -- Mi mocedad 38 -- Criterio de mi padre sobre mi profesión a escoger 40 -- Mi adultez 41 -- La plantación Escoto 49 -- Capítulo 1 61 -- Capítulo 2 81 -- Capítulo 3 93 -- Capítulo 4 101 -- Capítulo 5 105 -- Capítulo 6 109 -- Capítulo 7 111 -- Capítulo 8 113 -- Capítulo 9 115 -- Capítulo 10 119 -- Capítulo 11 121 -- Capítulo 12 123 -- Capítulo 13 139 -- Capítulo 14 145 -- Capítulo 15 149 -- Capítulo 16 151 -- Capítulo 17 153 -- Capítulo 18 155 -- Capítulo 19 165 -- Capítulo 20 167 -- Capítulo 21 171 -- Capítulo 22 175 -- Capítulo 23 179 -- Capítulo 24 181 -- Capítulo 25 191 -- Capítulo 26 193 -- Capítulo 27 195 -- Capítulo 28 199 -- Capítulo 29 205 -- Capítulo 30 209 -- Capítulo 31 211 -- Capítulo 32 213 -- Capítulo 33 215 -- Capítulo 34 221 -- Capítulo 35 225 -- Capítulo 36 227 -- Capítulo 37 229 -- Capítulo 38 231 -- Capítulo 39 233 -- Capítulo 40 237 -- Epílogo 653 -- Anexos 665 aInventariado, 2025/DG 4aRepública dominicanaxHistoriayRevolución, 1965vCongresos, conferencias, etc.946201 aDG 2ddccLBS1 00102ddc51708PDaBNPHUbBNPHUcCTd2025-06-05edonaciónl0oBNPHU PD S714vp2025-4908r2025-06-05w2025-06-05yLBS1 c59147d59147